000
00283nam a22001337a 4500
008
181001b xxu||||| |||| 00| 0 eng d
020
_a
9780878936755
041
_a
eng
080
_a
573
100
_a
11
101
_a
BIO
245
_a
Microbial Life
_c
Perry,J.J
942
_2
udc
_c
BK
999
_c
48757
_d
48757